[Event "EUYCC 2022 - U12"]
[Site "?"]
[Date "2022.08.27"]
[Round "6.9"]
[White "Pritulina, Nadezhda"]
[Black "Kozdon, Marek"]
[Result "1-0"]
[WhiteElo "1125"]
[BlackElo "1275"]
[PlyCount "45"]
[EventDate "2022.??.??"]

1. e4 c5 2. Nf3 e6 3. d4 cxd4 4. Nxd4 a6 5. Nc3 b5 6. a3 Bb7 7. Bd3 Qc7 8. Be3
d6 9. f3 Nd7 10. O-O Ngf6 11. Rc1 Rc8 12. Na2 Ne5 13. Bf2 d5 14. exd5 Bxd5 15.
Nb4 Bxb4 16. axb4 Nxd3 17. Qxd3 Bc4 18. Qe3 Bxf1 19. Nxe6 fxe6 20. Qxe6+ Kd8
21. Rd1+ Nd7 22. Bh4+ g5 23. Bxg5# 1-0

[Event "EUYCC 2022 - U12"]
[Site "?"]
[Date "2022.08.27"]
[Round "6.10"]
[White "Wolff, Calvin"]
[Black "Pukite, Elza"]
[Result "1-0"]
[WhiteElo "1387"]
[BlackElo "1200"]
[PlyCount "185"]
[EventDate "2022.??.??"]

1. e4 c6 2. d4 d5 3. Nc3 dxe4 4. Nxe4 Nf6 5. Nxf6+ exf6 6. Nf3 Bd6 7. Be2 O-O
8. O-O a5 9. a3 Bf5 10. Be3 Re8 11. Re1 Na6 12. Qd2 Nc7 13. c4 Ne6 14. Rad1 Nc7
15. d5 c5 16. Bf4 Bg4 17. h3 Bxf3 18. Bxf3 Rxe1+ 19. Rxe1 Qd7 20. Bxd6 Qxd6 21.
Rb1 a4 22. b4 b6 23. bxc5 bxc5 24. Rb7 Ne6 25. Qb2 Nd4 26. Bd1 g6 27. Rb6 Qe5
28. Qd2 Qe7 29. Qe3 Qd8 30. Rb7 Kf8 31. Qf4 Nf5 32. Bc2 Nd6 33. Rb1 Kg7 34. Bd3
Qd7 35. Rb6 Ne8 36. Be4 Rd8 37. Rc6 h6 38. Rxc5 Nd6 39. Rc6 Ne8 40. c5 g5 41.
Qg4 f5 42. Qxf5 Qxf5 43. Bxf5 Rxd5 44. Be4 Rd4 45. Bf3 Rd3 46. Rc8 Nf6 47. c6
Rxa3 48. Ra8 Ra1+ 49. Kh2 Rc1 50. Rxa4 Kf8 51. Ra6 Ne8 52. Ra7 Nd6 53. Rd7 Ne8
54. Bd5 f6 55. Rf7+ Kg8 56. c7 Kh8 57. Rf8+ Kg7 58. Rxe8 Rxc7 59. Rb8 Rc2 60.
f3 Rc5 61. Rb7+ Kh8 62. Rd7 Ra5 63. Be6 Re5 64. Bb3 Rb5 65. Bc2 Kg8 66. g4 Rb2
67. Rc7 Ra2 68. Kg3 Ra1 69. Bf5 Rg1+ 70. Kf2 Rh1 71. Kg2 Rd1 72. Rh7 Rd2+ 73.
Kg3 Rd1 74. Rxh6 Rg1+ 75. Kh2 Rf1 76. Kg2 Rd1 77. h4 gxh4 78. Rxh4 Rd2+ 79. Kg3
Rd6 80. Rh6 Kg7 81. Rg6+ Kf7 82. g5 Ke7 83. Rxf6 Rxf6 84. gxf6+ Kxf6 85. Kf4
Kf7 86. Bc2 Kf6 87. Kg4 Kg7 88. Kg5 Kf7 89. Kf5 Kf8 90. Kf6 Ke8 91. Kg7 Ke7 92.
f4 Ke6 93. f5+ 1-0

[Event "EUYCC 2022 - U12"]
[Site "?"]
[Date "2022.08.27"]
[Round "6.11"]
[White "Richter, Johanna"]
[Black "Kupka, Alexandr"]
[Result "0-1"]
[WhiteElo "1355"]
[BlackElo "1189"]
[PlyCount "130"]
[EventDate "2022.??.??"]

1. d4 d5 2. c4 e6 3. Nc3 Nf6 4. cxd5 exd5 5. Bg5 Nbd7 6. e3 c6 7. Bd3 Be7 8.
Qc2 O-O 9. Nge2 Re8 10. O-O Nf8 11. f3 Be6 12. Bh4 Rc8 13. Qa4 Qb6 14. Qc2 Ng6
15. Bf2 c5 16. Na4 Qc6 17. dxc5 Bxc5 18. Nxc5 Qxc5 19. Qxc5 Rxc5 20. e4 dxe4
21. Bxc5 exd3 22. Nc3 Rd8 23. Rfd1 Ne5 24. Bxa7 Nc4 25. b3 Ne5 26. Rac1 Bf5 27.
Be3 Nd5 28. Nxd5 Rxd5 29. Rc7 b5 30. Ra7 h6 31. Rc7 Nd7 32. h3 Nf6 33. g4 Bg6
34. Rc8+ Kh7 35. f4 Be4 36. Rc5 Rd7 37. Rcc1 Bf3 38. Rf1 Be2 39. Rf2 Ne4 40.
Rxe2 dxe2 41. Re1 Nc3 42. a3 Rd3 43. Bf2 Rxh3 44. Kg2 Rd3 45. Rc1 Ne4 46. Re1
Rxb3 47. Rxe2 Nxf2 48. Kxf2 Rxa3 49. Rb2 Ra4 50. Rxb5 Rxf4+ 51. Kg3 Ra4 52. Rb3
Kg6 53. Rf3 Ra5 54. Kh4 f6 55. Rg3 Ra4 56. Kh3 Kg5 57. Kh2 Kh4 58. g5 hxg5 59.
Rg2 g4 60. Kh1 Ra3 61. Rf2 g3 62. Kg2 gxf2 63. Kh2 Rf3 64. Kg2 f1=Q+ 65. Kh2
Rf2# 0-1

[Event "EUYCC 2022 - U12"]
[Site "?"]
[Date "2022.08.27"]
[Round "6.13"]
[White "Arshinkova, Ralitsa"]
[Black "Barteckova, Nikol"]
[Result "0-1"]
[WhiteElo "1217"]
[BlackElo "1231"]
[PlyCount "102"]
[EventDate "2022.??.??"]

1. e4 c5 2. Nf3 e6 3. Nc3 Nc6 4. Be2 d6 5. d4 cxd4 6. Nxd4 Be7 7. Bb5 Bd7 8.
Bxc6 bxc6 9. Qf3 Qc7 10. Qg3 Bf6 11. Nde2 h6 12. Be3 Ne7 13. Rd1 e5 14. f4 Ng6
15. O-O Bh4 16. Qf3 h5 17. f5 Ne7 18. Bf2 Bxf2+ 19. Qxf2 f6 20. Rd3 Rd8 21.
Rfd1 Bc8 22. b4 a6 23. a4 Qb8 24. a5 Bb7 25. Qb6 Nc8 26. Qf2 Kf7 27. Qg3 Rh6
28. Qf3 Qa8 29. g4 hxg4 30. Qxg4 Rdh8 31. Qg3 Qa7+ 32. Kh1 Rxh2+ 33. Qxh2 Rxh2+
34. Kxh2 Qf2+ 35. Kh1 Qa7 36. Rg3 Ba8 37. Rdg1 Kf8 38. Rh3 Kg8 39. Rhg3 Kf8 40.
Rg4 d5 41. Ng3 Nd6 42. Nh5 Ne8 43. Nxg7 Nxg7 44. Rxg7 Qxg7 45. Rxg7 Kxg7 46.
exd5 cxd5 47. b5 d4+ 48. Kg1 dxc3 49. bxa6 Kh6 50. Kf2 Kg5 51. Ke3 Kxf5 0-1

[Event "EUYCC 2022 - U12"]
[Site "?"]
[Date "2022.08.28"]
[Round "7.1"]
[White "Buchtova, Viktorie"]
[Black "Ivanov, Andrey A."]
[Result "1/2-1/2"]
[WhiteElo "1531"]
[BlackElo "1782"]
[PlyCount "66"]
[EventDate "2022.??.??"]

1. e4 c5 2. Nf3 g6 3. d4 cxd4 4. Nxd4 Bg7 5. Nc3 Nc6 6. Be3 Nf6 7. Bc4 Qa5 8.
O-O O-O 9. Bb3 d6 10. f3 Bd7 11. Qd2 Nxd4 12. Bxd4 Bc6 13. Rad1 Qh5 14. Ne2 Qb5
15. Ng3 b6 16. Be3 Bb7 17. a4 Qc6 18. Bh6 Rac8 19. Bxg7 Kxg7 20. Kh1 Ba6 21.
Qg5 Kh8 22. Rfe1 Ng8 23. e5 dxe5 24. Qxe5+ f6 25. Qd4 Rc7 26. c3 Bc4 27. Bxc4
Qxc4 28. Qxc4 Rxc4 29. Re4 Rfc8 30. Rd7 R8c7 31. Rxc7 Rxc7 32. Ne2 Kg7 33. Kg1
f5 1/2-1/2

[Event "EUYCC 2022 - U12"]
[Site "?"]
[Date "2022.08.28"]
[Round "7.2"]
[White "Mence, Eline"]
[Black "Soucek, Andrej"]
[Result "1/2-1/2"]
[WhiteElo "1633"]
[BlackElo "1585"]
[PlyCount "60"]
[EventDate "2022.??.??"]

1. d4 f5 2. Bf4 Nf6 3. e3 g6 4. Nf3 Bg7 5. Bd3 O-O 6. O-O d6 7. h3 Nbd7 8. Bc4+
Kh8 9. Ng5 Nb6 10. Be6 Ne4 11. Bxc8 Qxc8 12. Nxe4 fxe4 13. Nd2 d5 14. c3 c5 15.
Bg3 cxd4 16. cxd4 Qd7 17. Qe2 Rac8 18. Nb3 Nc4 19. Nc5 Rxc5 20. dxc5 Bxb2 21.
Rab1 Ba3 22. Rfd1 Qc6 23. h4 Bxc5 24. Kh2 Bb6 25. Rbc1 Bc7 26. Bxc7 Qxc7+ 27.
Kg1 e6 28. Qg4 Qf7 29. Qg3 Qf6 30. Rc2 a6 1/2-1/2

[Event "EUYCC 2022 - U12"]
[Site "?"]
[Date "2022.08.28"]
[Round "7.3"]
[White "Topencik, Bruno"]
[Black "Kroulik, Vaclav"]
[Result "1/2-1/2"]
[WhiteElo "1334"]
[BlackElo "1809"]
[PlyCount "53"]
[EventDate "2022.??.??"]

1. d4 d5 2. Nf3 Nf6 3. c4 dxc4 4. e3 e6 5. Bxc4 c5 6. O-O Nc6 7. dxc5 Qxd1 8.
Rxd1 Bxc5 9. Nc3 a6 10. b3 Bd7 11. Bb2 b5 12. Bf1 O-O 13. Nxb5 axb5 14. Bxf6
Ra7 15. Ne5 Nxe5 16. Bxe5 Rfa8 17. Bd4 Bxd4 18. Rxd4 Kf8 19. Rd2 Ke7 20. Be2
Ra3 21. Bd1 Bc6 22. Kf1 Bd5 23. Rb2 e5 24. f3 Be6 25. Ke2 f6 26. Kd2 Kd6 27.
Ke2 1/2-1/2

[Event "EUYCC 2022 - U12"]
[Site "?"]
[Date "2022.08.28"]
[Round "7.5"]
[White "Bartova, Hana"]
[Black "Ropovik, Samuel"]
[Result "0-1"]
[WhiteElo "1209"]
[BlackElo "1607"]
[PlyCount "114"]
[EventDate "2022.??.??"]

1. e4 c5 2. Nf3 e6 3. d4 cxd4 4. Nxd4 a6 5. Be3 Nf6 6. Nc3 Qc7 7. Be2 Bb4 8.
Bd2 Bxc3 9. Bxc3 Nxe4 10. Qd3 Nxc3 11. bxc3 O-O 12. g4 b5 13. Bf3 Bb7 14. Kd2
Qf4+ 15. Ke2 Bxf3+ 16. Nxf3 Qxg4 17. Rag1 Qc4 18. Rg3 Nc6 19. Rhg1 g6 20. h4 d5
21. Kd2 Qxd3+ 22. cxd3 Rfd8 23. h5 Kg7 24. Ng5 Ne7 25. hxg6 hxg6 26. Rf3 Nf5
27. Rh1 Rh8 28. Rfh3 Rxh3 29. Rxh3 Nh6 30. Ke2 Rc8 31. d4 Rc4 32. Rd3 Ra4 33.
Rd2 Nf5 34. Kd3 Ra3 35. Rb2 Nd6 36. f4 Ne4 37. Nxe4 dxe4+ 38. Kxe4 Rxc3 39. Re2
b4 40. d5 Rc4+ 41. Ke5 exd5 42. Kxd5 Rxf4 43. Kc5 a5 44. Kb5 Rf5+ 45. Ka4 g5
46. a3 bxa3 47. Kxa3 Kf6 48. Ka4 Re5 49. Rf2+ Ke6 50. Kb3 f5 51. Rh2 Re4 52.
Rh6+ Ke5 53. Ra6 a4+ 54. Ka3 Kf4 55. Rd6 g4 56. Rd2 Kf3 57. Rb2 g3 0-1

[Event "EUYCC 2022 - U12"]
[Site "?"]
[Date "2022.08.28"]
[Round "7.6"]
[White "Pritulina, Nadezhda"]
[Black "Frydel, Marcel"]
[Result "1/2-1/2"]
[WhiteElo "1125"]
[BlackElo "1271"]
[PlyCount "62"]
[EventDate "2022.??.??"]

1. e4 e5 2. Nf3 Nf6 3. Nxe5 d6 4. Nf3 Nxe4 5. d4 d5 6. Bd3 Bd6 7. O-O O-O 8. c4
c6 9. Re1 Bf5 10. cxd5 cxd5 11. Nc3 Nxc3 12. bxc3 Bxd3 13. Qxd3 Nc6 14. Bg5 Qd7
15. c4 dxc4 16. Qxc4 Rac8 17. Qb5 h6 18. Bh4 Bb4 19. Red1 a6 20. Ne5 Nxe5 21.
Qxb4 Nc6 22. Qd2 Qd5 23. Qb2 b5 24. f3 Rfe8 25. Rac1 Na5 26. Rxc8 Rxc8 27. Qa3
Nc4 28. Qb3 Nb6 29. Qa3 Nc4 30. Qb3 Nb6 31. Qa3 Nc4 1/2-1/2

[Event "EUYCC 2022 - U12"]
[Site "?"]
[Date "2022.08.28"]
[Round "7.7"]
[White "Kupka, Alexandr"]
[Black "Badica, Ariana"]
[Result "0-1"]
[WhiteElo "1189"]
[BlackElo "1509"]
[PlyCount "128"]
[EventDate "2022.??.??"]

1. e4 c5 2. c3 Nf6 3. e5 Nd5 4. d4 cxd4 5. cxd4 e6 6. Nf3 d6 7. exd6 Bxd6 8.
Nc3 Nxc3 9. bxc3 Qc7 10. Qb3 Nd7 11. Bd3 b6 12. Be4 Rb8 13. Be3 Ba6 14. Nd2 Rc8
15. Rc1 O-O 16. Qa4 Nb8 17. c4 f5 18. Bf3 f4 19. Bg4 Rce8 20. Ne4 fxe3 21. fxe3
b5 22. Qc2 Bb4+ 23. Kd1 Qxc4 24. Qxc4 bxc4 25. Ng5 Rf2 26. Bxe6+ Kf8 27. Nxh7+
Ke7 28. Bxc4 Rd2+ 29. Ke1 Rc2+ 30. Kd1 Rxc1+ 31. Kxc1 Bxc4 32. e4 Rc8 33. Kb2
Bd2 34. Rd1 Bh6 35. d5 Rh8 36. d6+ Kd7 37. Kc3 Be6 38. Rb1 Kc8 39. Kd4 Rxh7 40.
Ke5 Bd7 41. Kd5 Rh8 42. e5 Re8 43. Rb2 Bc6+ 44. Kd4 Bf4 45. Re2 Nd7 46. e6 Be5+
47. Rxe5 Nxe5 48. Kxe5 Bd7 49. e7 Rh8 50. h3 Rh5+ 51. Kd4 Be8 52. g4 Rxh3 53.
Ke5 Kd7 54. g5 Ra3 55. g6 Rxa2 56. Kd5 Bxg6 57. Kc5 Bf5 58. Kd5 g5 59. Ke5 g4
60. Kxf5 g3 61. Kf6 g2 62. Kf7 Rf2+ 63. Kg8 g1=Q+ 64. Kh8 Rh2# 0-1

[Event "EUYCC 2022 - U12"]
[Site "?"]
[Date "2022.08.28"]
[Round "7.8"]
[White "Barteckova, Valerie"]
[Black "Wolff, Calvin"]
[Result "1/2-1/2"]
[WhiteElo "1403"]
[BlackElo "1387"]
[PlyCount "115"]
[EventDate "2022.??.??"]

1. e4 e5 2. Nf3 Nc6 3. Bb5 a6 4. Ba4 Nf6 5. O-O Nxe4 6. d4 b5 7. Bb3 d5 8. dxe5
Be6 9. Qe2 Bc5 10. Be3 O-O 11. Rd1 Ne7 12. c4 bxc4 13. Bxc4 c6 14. Nbd2 Nf5 15.
Bxc5 Nxc5 16. Nb3 Qb6 17. Nxc5 Qxc5 18. Bxa6 Qb6 19. Bd3 Ne7 20. h3 Rfb8 21. b3
h6 22. Qc2 c5 23. Rac1 Rc8 24. Qe2 Qa5 25. Rd2 Qb4 26. Rdc2 Ra5 27. Qd2 Qb6 28.
Qe2 Ra7 29. Qe3 Rac7 30. Nd2 Nf5 31. Bxf5 Bxf5 32. Rb2 Qa6 33. Nf3 c4 34. bxc4
dxc4 35. Nd4 c3 36. Re2 Bd3 37. Ree1 Bh7 38. e6 fxe6 39. Qxe6+ Qxe6 40. Rxe6
Rd7 41. Nb5 c2 42. Ree1 Rd5 43. Na3 Ra5 44. Re3 Rd5 45. Ree1 Rc3 46. Nxc2 Rxc2
47. Rxc2 Bxc2 48. Kf1 Bd3+ 49. Kg1 Ra5 50. Re3 Bb1 51. a3 Kf7 52. Kf1 Rc5 53.
Ke1 Bf5 54. Kd2 Rc2+ 55. Ke1 Bd7 56. Re2 Rc3 57. Re3 Rc2 58. Re2 1/2-1/2

[Event "EUYCC 2022 - U12"]
[Site "?"]
[Date "2022.08.28"]
[Round "7.9"]
[White "Nemitz, Alfred"]
[Black "Stara, Zuzana"]
[Result "1-0"]
[WhiteElo "1894"]
[BlackElo "1375"]
[PlyCount "107"]
[EventDate "2022.??.??"]

1. d4 d5 2. c4 e6 3. Nc3 Bb4 4. cxd5 exd5 5. Bf4 Nf6 6. e3 Ne4 7. Qb3 Nc6 8.
Bb5 Bxc3+ 9. bxc3 Be6 10. Nf3 O-O 11. Bd3 Rb8 12. Qc2 Bf5 13. O-O Qd7 14. Nh4
Be6 15. Bxe4 dxe4 16. Qxe4 Bd5 17. Qf5 Be6 18. Qc2 Rfe8 19. e4 Bc4 20. Rfe1 b5
21. Nf5 Ne7 22. Ne3 Ng6 23. Bg3 Qc6 24. f3 Rb7 25. Nxc4 Qxc4 26. Qb3 Qc6 27.
Rec1 Reb8 28. a4 Qd7 29. axb5 Rxb5 30. Qc4 R5b7 31. Qc5 Ra8 32. Rcb1 Rxb1+ 33.
Rxb1 c6 34. Rb4 a5 35. Rb6 a4 36. Bd6 h6 37. Rb2 Nh4 38. c4 Kh7 39. h3 Kg8 40.
Ra2 Qb7 41. Qb4 Qd7 42. Bc5 Qe6 43. Qb7 Rd8 44. Qe7 Qxe7 45. Bxe7 Rxd4 46. Bxh4
Rxc4 47. Kf2 Kf8 48. Ke3 Ke8 49. Kd3 Rb4 50. Be1 Rb1 51. Bc3 Rd1+ 52. Ke3 Rb1
53. Rxa4 Rb3 54. Kd2 1-0

[Event "EUYCC 2022 - U12"]
[Site "?"]
[Date "2022.08.28"]
[Round "7.10"]
[White "Srba, Daniel"]
[Black "Grunert, Greta"]
[Result "1-0"]
[WhiteElo "1355"]
[BlackElo "1103"]
[PlyCount "109"]
[EventDate "2022.??.??"]

1. e4 e5 2. Nf3 Nc6 3. Bc4 Nf6 4. Ng5 d5 5. exd5 Na5 6. Bb5+ c6 7. dxc6 bxc6 8.
Qf3 Rb8 9. Bd3 Bd7 10. O-O Bc5 11. Ne4 Nxe4 12. Qxe4 Qg5 13. Re1 Bd6 14. f4 Qf6
15. Kh1 Rb4 16. c4 Be6 17. fxe5 Bxe5 18. Qxe5 Qxe5 19. Rxe5 Nxc4 20. Bxc4 Rxc4
21. Nc3 Rf4 22. Re1 O-O 23. d3 Rf5 24. Be3 a6 25. Rac1 Rd8 26. Red1 Re8 27. Ne4
Ra8 28. Rxc6 Bxa2 29. Ra1 Bd5 30. Rcxa6 Rxa6 31. Rxa6 Rf1+ 32. Bg1 f5 33. Ng5
h6 34. Rd6 hxg5 35. Rxd5 Kf7 36. b4 Ke6 37. Rc5 Rb1 38. b5 g4 39. b6 Kd6 40.
Rxf5 Kc6 41. Rg5 Kd6 42. Rxg4 Kc6 43. Rxg7 Kd6 44. h4 Ke6 45. h5 Kf6 46. Rg3
Kf5 47. h6 Kf4 48. Rg8 Kf5 49. h7 Kf4 50. h8=Q Rxb6 51. Bxb6 Kf5 52. Qh5+ Kf6
53. Rg6+ Kf7 54. Qh7+ Kf8 55. Rg8# 1-0

[Event "EUYCC 2022 - U12"]
[Site "?"]
[Date "2022.08.28"]
[Round "7.11"]
[White "Pukite, Elza"]
[Black "Richter, Johanna"]
[Result "1-0"]
[WhiteElo "1200"]
[BlackElo "1355"]
[PlyCount "51"]
[EventDate "2022.??.??"]

1. e4 c5 2. Nc3 Nc6 3. Bb5 g6 4. f4 e6 5. Nf3 Bg7 6. Bxc6 bxc6 7. d4 cxd4 8.
Nxd4 Ne7 9. O-O O-O 10. f5 exf5 11. exf5 c5 12. f6 Bxf6 13. Rxf6 cxd4 14. Qxd4
Nc6 15. Qf2 Ne5 16. h3 d6 17. Bh6 Re8 18. Rd1 Be6 19. b3 a6 20. Ne4 d5 21. Rf4
Kh8 22. Bg5 Qc7 23. Bf6+ Kg8 24. Qh4 h5 25. Qg5 Nd7 26. Qh6 1-0

[Event "EUYCC 2022 - U12"]
[Site "?"]
[Date "2022.08.28"]
[Round "7.12"]
[White "Barteckova, Nikol"]
[Black "Morova, Jaroslava"]
[Result "1-0"]
[WhiteElo "1231"]
[BlackElo "1323"]
[PlyCount "79"]
[EventDate "2022.??.??"]

1. e4 e5 2. Nf3 Nc6 3. d4 f6 4. dxe5 fxe5 5. Bc4 Bc5 6. O-O Nf6 7. Bg5 h6 8.
Bh4 g5 9. Bg3 d6 10. Nc3 Bd7 11. Re1 g4 12. Nd2 Nh5 13. Nf1 Nxg3 14. Nxg3 Qg5
15. Na4 O-O-O 16. Nxc5 dxc5 17. c3 Kb8 18. Qe2 h5 19. Qe3 Qe7 20. Rad1 Rdf8 21.
Rf1 h4 22. Ne2 h3 23. g3 Rf3 24. Qd2 Bc8 25. Nc1 Rhf8 26. Be2 Qf6 27. Qe1 a6
28. Nb3 b6 29. Nd2 Rd8 30. Nxf3 gxf3 31. Bc4 Rxd1 32. Qxd1 Ne7 33. Re1 c6 34.
Re3 Bg4 35. Rd3 b5 36. Rd6 Qg7 37. Be6 Bxe6 38. Rxe6 Kc7 39. Qd6+ Kc8 40. Rxe7
1-0

[Event "EUYCC 2022 - U12"]
[Site "?"]
[Date "2022.08.29"]
[Round "8.1"]
[White "Ivanov, Andrey A."]
[Black "Soucek, Andrej"]
[Result "1/2-1/2"]
[WhiteElo "1782"]
[BlackElo "1585"]
[PlyCount "48"]
[EventDate "2022.??.??"]

1. e4 e6 2. d4 d5 3. e5 c5 4. c3 Nc6 5. Nf3 Qb6 6. a3 c4 7. g3 Na5 8. Nbd2 Bd7
9. Bh3 Ne7 10. O-O Qc7 11. Re1 Nc8 12. Nf1 Nb3 13. Rb1 Nb6 14. N3d2 Ba4 15.
Nxb3 Bxb3 16. Qe2 Be7 17. Ne3 O-O-O 18. Qf3 Rhf8 19. Qe2 Kb8 20. f4 g6 21. Rf1
h5 22. Ng2 a5 23. Ne1 a4 24. Nf3 Ba2 1/2-1/2

[Event "EUYCC 2022 - U12"]
[Site "?"]
[Date "2022.08.29"]
[Round "8.2"]
[White "Balazs, Szabina Zoe"]
[Black "Buchtova, Viktorie"]
[Result "1/2-1/2"]
[WhiteElo "1437"]
[BlackElo "1531"]
[PlyCount "67"]
[EventDate "2022.??.??"]

1. e4 c5 2. Nf3 g6 3. c3 d5 4. e5 Nc6 5. Bb5 a6 6. Bxc6+ bxc6 7. d4 Bg7 8. dxc5
Bg4 9. Bf4 f6 10. Qd4 Bxf3 11. gxf3 fxe5 12. Bxe5 Bxe5 13. Qxe5 Nf6 14. Nd2 Rf8
15. Qe3 Qb8 16. O-O-O Nd7 17. Rhe1 Rf7 18. Qe6 Qb5 19. Ne4 dxe4 20. Qxd7+ Kf8
21. Qd4 Kg8 22. fxe4 Raf8 23. Rd2 Rf4 24. Kc2 R8f7 25. a4 Qb7 26. Rf1 Qc7 27.
Rh1 e5 28. Qc4 Qc8 29. h4 Kg7 30. Rh2 a5 31. Qe2 Qg4 32. Qxg4 Rxg4 33. b4 Rxe4
34. h5 1/2-1/2

[Event "EUYCC 2022 - U12"]
[Site "?"]
[Date "2022.08.29"]
[Round "8.3"]
[White "Ropovik, Samuel"]
[Black "Topencik, Bruno"]
[Result "0-1"]
[WhiteElo "1607"]
[BlackElo "1334"]
[PlyCount "120"]
[EventDate "2022.??.??"]

1. e4 e6 2. d4 d5 3. Nd2 dxe4 4. Nxe4 Nd7 5. Nf3 Ngf6 6. Nxf6+ Nxf6 7. Bd3 c5
8. dxc5 Bxc5 9. O-O O-O 10. c3 b6 11. Qe2 Qc7 12. Ne5 Bb7 13. Bf4 Rad8 14. Bg3
Qc8 15. Rfd1 Nd5 16. Be4 f6 17. Qh5 f5 18. Bc2 Nf6 19. Qe2 Ba6 20. c4 Bd4 21.
Bd3 Bb7 22. Rac1 Qa8 23. Nf3 Bxf3 24. Qxe6+ Kh8 25. gxf3 Bxb2 26. Rb1 Qxf3 27.
Qxf5 Qxf5 28. Bxf5 Rxd1+ 29. Rxd1 Nh5 30. Rd7 Nxg3 31. hxg3 a5 32. Rd6 Ba3 33.
Rd5 Bc5 34. Bd3 Bxf2+ 35. Kg2 Bc5 36. Rf5 Rd8 37. Rd5 Re8 38. Kf1 g6 39. Be2
Re3 40. Rd3 Re7 41. Bg4 Re4 42. Be2 Re8 43. Rd7 Rf8+ 44. Ke1 Bf2+ 45. Kd2 Bxg3
46. c5 bxc5 47. Ra7 Rd8+ 48. Ke3 Be1 49. Bd3 Bb4 50. a3 c4 51. axb4 Rxd3+ 52.
Ke4 axb4 53. Rc7 Rc3 54. Kd4 Rc1 55. Rc8+ Kg7 56. Rc7+ Kh6 57. Rc5 b3 58. Rb5
Rc2 59. Rb8 b2 60. Rb4 c3 0-1

[Event "EUYCC 2022 - U12"]
[Site "?"]
[Date "2022.08.29"]
[Round "8.5"]
[White "Badica, Ariana"]
[Black "Mence, Eline"]
[Result "0-1"]
[WhiteElo "1509"]
[BlackElo "1633"]
[PlyCount "116"]
[EventDate "2022.??.??"]

1. e4 c6 2. d4 d5 3. exd5 cxd5 4. Bd3 Nc6 5. c3 Nf6 6. h3 e5 7. dxe5 Nxe5 8.
Nf3 Nxd3+ 9. Qxd3 Be7 10. O-O O-O 11. Bg5 b6 12. Nd4 Bb7 13. Nd2 Ne4 14. Bxe7
Qxe7 15. Rae1 Qf6 16. N2f3 Rfe8 17. Re2 Nc5 18. Rxe8+ Rxe8 19. Qf5 Qxf5 20.
Nxf5 Kf8 21. Nd6 Ba6 22. Nxe8 Bxf1 23. Nc7 Bd3 24. Ne5 Bb1 25. a3 Na4 26. Nxd5
Nxb2 27. f3 Ba2 28. Nb4 Be6 29. Nbc6 f6 30. Ng4 Bxg4 31. hxg4 a5 32. Nd4 Nc4
33. Nb5 Ke7 34. Kf2 Kd7 35. Ke2 Kc6 36. Nd4+ Kd5 37. Nc2 Nb2 38. Ne3+ Kc5 39.
Kd2 Nc4+ 40. Nxc4 Kxc4 41. Kc2 b5 42. f4 g6 43. g5 f5 44. Kb2 Kd5 45. Kb3 Kc5
46. g3 Kd5 47. Kb2 Kc4 48. Kc2 a4 49. Kb2 Kd3 50. Kb1 Kxc3 51. Ka2 Kc2 52. g4
fxg4 53. f5 gxf5 54. g6 hxg6 55. Ka1 g3 56. Ka2 g2 57. Ka1 g1=Q+ 58. Ka2 Qb1#
0-1

[Event "EUYCC 2022 - U12"]
[Site "?"]
[Date "2022.08.29"]
[Round "8.6"]
[White "Frydel, Marcel"]
[Black "Barteckova, Valerie"]
[Result "1-0"]
[WhiteElo "1271"]
[BlackElo "1403"]
[PlyCount "83"]
[EventDate "2022.??.??"]

1. e4 c6 2. d4 d5 3. exd5 cxd5 4. Bd3 Nc6 5. c3 Qc7 6. Be3 Nf6 7. Nd2 Bg4 8.
Qb3 Bd7 9. Ngf3 e6 10. Bg5 Be7 11. Bh4 O-O 12. O-O Rfe8 13. Rfe1 h6 14. h3 Nh5
15. Bxe7 Rxe7 16. Ne5 Nf6 17. Ndf3 Na5 18. Qa3 Nc6 19. Nxc6 Bxc6 20. Ne5 Ree8
21. Rac1 Qb6 22. Nxc6 bxc6 23. b3 Rab8 24. c4 Qxd4 25. Red1 Qb6 26. cxd5 cxd5
27. Qc5 Rec8 28. Qxc8+ Qd8 29. Qxd8+ Rxd8 30. Rc7 e5 31. Re7 e4 32. Bxe4 Kf8
33. Re5 Rc8 34. Bf5 Rc5 35. Rde1 Ra5 36. Bd7 g6 37. Ba4 Nh5 38. Rd1 Nf4 39. g3
Ne6 40. Rexd5 Ra6 41. Rd6 Ra5 42. R1d5 1-0

[Event "EUYCC 2022 - U12"]
[Site "?"]
[Date "2022.08.29"]
[Round "8.7"]
[White "Wolff, Calvin"]
[Black "Pritulina, Nadezhda"]
[Result "1-0"]
[WhiteElo "1387"]
[BlackElo "1125"]
[PlyCount "81"]
[EventDate "2022.??.??"]

1. e4 c5 2. Nf3 d6 3. Bb5+ Bd7 4. Bxd7+ Qxd7 5. c4 Nc6 6. Nc3 Nf6 7. d4 cxd4 8.
Nxd4 g6 9. f3 Bg7 10. Be3 O-O 11. O-O Rfc8 12. b3 Rab8 13. Rc1 e6 14. Qd2 a6
15. Rfd1 Nxd4 16. Bxd4 Rc6 17. a4 Rd8 18. a5 Ne8 19. Na4 h5 20. Nb6 Qe7 21. Be3
Kh7 22. Bf4 Nc7 23. Qe2 e5 24. Be3 Rf8 25. Rf1 f5 26. Rb1 Ne6 27. b4 Qd8 28. b5
axb5 29. cxb5 Rc7 30. Nd5 Rc8 31. a6 bxa6 32. bxa6 Nc5 33. Bxc5 dxc5 34. Rfd1
Qe8 35. a7 Qf7 36. exf5 gxf5 37. Qa6 Ra8 38. Rb7 Qg6 39. Qxg6+ Kxg6 40. Nb6
Rae8 41. Nd7 1-0

[Event "EUYCC 2022 - U12"]
[Site "?"]
[Date "2022.08.29"]
[Round "8.8"]
[White "Bartova, Hana"]
[Black "Nemitz, Alfred"]
[Result "0-1"]
[WhiteElo "1209"]
[BlackElo "1894"]
[PlyCount "72"]
[EventDate "2022.??.??"]

1. e4 d5 2. exd5 Nf6 3. d4 Nxd5 4. g3 Nc6 5. Nf3 Bg4 6. Bg2 e6 7. c3 Be7 8. Be3
O-O 9. O-O b5 10. Qd3 Rb8 11. Nbd2 b4 12. Rab1 Bf5 13. Ne4 bxc3 14. bxc3 Rxb1
15. Rxb1 Bxe4 16. Qxe4 Nxc3 17. Qxc6 Nxb1 18. Bc1 Qd6 19. Qe4 Nc3 20. Qc2 Nd5
21. Qe4 Rb8 22. h4 Qb4 23. Bd2 Qb1+ 24. Qxb1 Rxb1+ 25. Kh2 Rb2 26. Be1 Rxa2 27.
h5 h6 28. Kg1 a5 29. Kf1 Bb4 30. Ne5 Ra1 31. Nd3 Bxe1 32. Nxe1 Ra2 33. Bxd5
exd5 34. Nd3 a4 35. Ke1 a3 36. Kd1 Rxf2 0-1

[Event "EUYCC 2022 - U12"]
[Site "?"]
[Date "2022.08.29"]
[Round "8.9"]
[White "Stara, Zuzana"]
[Black "Srba, Daniel"]
[Result "1-0"]
[WhiteElo "1375"]
[BlackElo "1355"]
[PlyCount "137"]
[EventDate "2022.??.??"]

1. e4 e5 2. Nf3 Nc6 3. Bb5 a6 4. Ba4 Nf6 5. d3 d6 6. c3 b5 7. Bc2 Bb7 8. Nbd2
Be7 9. O-O O-O 10. Re1 Re8 11. Nf1 Qd7 12. Ng3 Rad8 13. Nf5 Bf8 14. Bg5 Be7 15.
h3 h6 16. Be3 Rc8 17. Qc1 Bf8 18. g4 Nh7 19. Kh2 Ne7 20. Rg1 g5 21. h4 f6 22.
Qf1 Ng6 23. hxg5 fxg5 24. Qh3 Re6 25. Rh1 Nf4 26. Bxf4 exf4 27. Kg1 Rg6 28. Qh5
Qe8 29. Bb3+ Kh8 30. Re1 a5 31. a3 c5 32. a4 Nf6 33. Qh3 bxa4 34. Bc4 Rb8 35.
Rh2 Bc8 36. Kg2 Ng8 37. Reh1 Be6 38. Bxe6 Qxe6 39. Ra1 Rxb2 40. Rxa4 Ra2 41.
Rc4 a4 42. Rh1 Nf6 43. Rb1 Ra3 44. Rb8 Nd7 45. Ra8 Kg8 46. Ra7 Nb6 47. Qh5 Nxc4
48. dxc4 Rxc3 49. Rxa4 Rf6 50. Nd2 Rc2 51. Nf3 Qf7 52. Qh3 Rxc4 53. Ra8 Rg6 54.
Nxh6+ Rxh6 55. Qxh6 Rxe4 56. Qxg5+ Qg7 57. Qd5+ Kh8 58. Qxe4 Qxg4+ 59. Kf1 Kg7
60. Qe8 Qxf3 61. Qxf8+ Kg6 62. Qxd6+ Kf5 63. Qxc5+ Kf6 64. Ra6+ Kf7 65. Qc7+
Kf8 66. Rf6+ Ke8 67. Qc8+ Ke7 68. Re6+ Kf7 69. Qd7+ 1-0

[Event "EUYCC 2022 - U12"]
[Site "?"]
[Date "2022.08.29"]
[Round "8.10"]
[White "Kozdon, Marek"]
[Black "Barteckova, Nikol"]
[Result "1-0"]
[WhiteElo "1275"]
[BlackElo "1231"]
[PlyCount "115"]
[EventDate "2022.??.??"]

1. d4 Nf6 2. c4 e5 3. dxe5 Ng4 4. Bf4 Bc5 5. e3 d6 6. exd6 cxd6 7. Be2 Nf6 8.
Nf3 O-O 9. O-O Be6 10. Nc3 a6 11. a3 d5 12. cxd5 Nxd5 13. Nxd5 Bxd5 14. Rc1 Bb6
15. Qd2 Nc6 16. Rfd1 Be6 17. Qxd8 Rfxd8 18. Rxd8+ Rxd8 19. Kf1 Kf8 20. Rd1
Rxd1+ 21. Bxd1 Bc4+ 22. Be2 Bb3 23. Ne5 Nxe5 24. Bxe5 f6 25. Bc3 Kf7 26. Bf3
Bc4+ 27. Ke1 Ke6 28. Bxb7 a5 29. Be4 g6 30. Kd2 f5 31. Bd3 Bd5 32. f3 Kd6 33.
e4 fxe4 34. Bxe4 Be6 35. Kd3 Kd7 36. h4 Bf7 37. h5 Kd6 38. h6 Be6 39. g4 Ke7
40. Bb7 Kf8 41. Ke4 Bf7 42. Bd5 Bxd5+ 43. Kxd5 Kf7 44. Kc6 Bd8 45. Bd2 Ke6 46.
Kb5 Bf6 47. b3 Bb2 48. a4 Kd7 49. Kxa5 Kc7 50. Ka6 Kb8 51. b4 Kc8 52. b5 Be5
53. b6 Kb8 54. b7 Bc7 55. Be3 Bd6 56. Ba7+ Kc7 57. b8=Q+ Kc6 58. Qb7# 1-0